| 000 | 00788nam a2200217 i 4500 | ||
|---|---|---|---|
| 001 | 78978 | ||
| 003 | ES-MaACL | ||
| 007 | t| | ||
| 008 | 041018s1985 sp ||||1| spa d | ||
| 020 | _a84-7434-385-6 | ||
| 100 | 1 |
_aHeller, Peter S. _962444 |
|
| 245 | 1 | 0 |
_aEmpleo y remuneración en el sector público _b: comparaciones internacionales / _cPeter S. Heller, Alan A. Tait ; [traducción, Jesús Fernández Zulaica]. |
| 260 |
_aMadrid : _bMinisterio de Trabajo y Seguridad Social, _c1985. |
||
| 300 |
_a151 p. ; _c22 cm. |
||
| 490 | 1 | _aColección informes. Serie empleo | |
| 700 | 1 |
_aTait, Alan A. _9109086 |
|
| 700 | 1 |
_aFernández Zulaica, Jesús. _950198 |
|
| 830 | 0 |
_aColección informes. Serie empleo _9183616 |
|
| 852 |
_aES-MaACL _jL-8348 _bR.108754 |
||
| 999 |
_c78978 _d78978 |
||